000 00604nam a2200241Ia 4500
005 20250425162613.0
008 250425s9999 xx 000 0 und d
020 _a9786074505085
041 _aspa
043 _amx
082 _a338.4791
100 _aDACHARY, ALFREDO CESAR
245 0 _aTERRITORIOS GLOBALIZADOS DEL TURISMO RURAL
250 _a1A ED.
260 _aGUADALAJARA
260 _aMéxico
_bUNIVERSIDAD DE GUADALAJARA
_c2012
300 _a143
650 _aGLOBALIZACION
650 _aTURISMO RURAL
700 _aARNAIZ BURNE, STELLA MARIS
942 _c01
010 _a89918
999 _c232650
_d232650